000
00337nam a2200145Ia 4500
008
191201s2008 xx 000 0 und d
082
_a
658.3
_b
DEP
100
_a
DECNZO, Davidson
245
0
_a
Personnel Human Resource Management
250
_a
3rd
260
_a
N.Delhi
_b
PHI
_c
2008
300
_a
637
650
_a
MBA
942
_2
ddc
_c
BK
999
_c
3497
_d
3497